00613cam a22002052 4500001001100000005001700011008004100028020002800069040001500097050002200112100003300134245007100167246001200238246002600250250001200276260004100288300003300329500002000362650002500382000000368920151217151928.0070514s xx 000 0 eng d a0748743146 :cKES 2,520 aKABUcKABU 0aQC21.2b.B74 20001 aBreithaupt, Jim.@000015378010aNew understanding physics :bfor advanced level /cJim Breithaupt.3 aPhysics3 aUnderstanding physics a4th ed. aCheltenham :bNelson Thornes,c2000. aix, 727 p. :bill. ;c27 cm. aIncludes index. 0aPhysics.@0000153778